De ordediensten en het Heizeldrama: het compromis tussen openbare orde en vrijheid van vegadering
| Autor principal: | |
|---|---|
| Tipo de documento: | Print Libro |
| Lenguaje: | Holandés |
| Publicado: |
Antwerpen
Kluwer Rechtswetenschappen
1988
|
| En: |
Interuniversitaire studenten reeks (10)
Año: 1988 |
| Disponibilidad en Tübingen: | Disponible en Tübingen. UB: KB 18 A 6561 |
| Verificar disponibilidad: | HBZ Gateway |
| Servicio de pedido Subito: | Pedir ahora. |
MARC
| LEADER | 00000cam a2200000 c 4500 | ||
|---|---|---|---|
| 001 | 1088715982 | ||
| 003 | DE-627 | ||
| 005 | 20220514115804.0 | ||
| 007 | tu | ||
| 008 | 891003s1988 xx ||||| 00| ||dut c | ||
| 020 | |a 9063215231 |9 90-6321-523-1 | ||
| 035 | |a (DE-627)1088715982 | ||
| 035 | |a (DE-576)018715982 | ||
| 035 | |a (DE-599)BSZ018715982 | ||
| 035 | |a (OCoLC)27897089 | ||
| 040 | |a DE-627 |b ger |c DE-627 |e rakwb | ||
| 041 | |a dut | ||
| 100 | 1 | |a Bataille, Henk |4 aut | |
| 245 | 1 | 3 | |a De ordediensten en het Heizeldrama |b het compromis tussen openbare orde en vrijheid van vegadering |c Henk Bataille |
| 264 | 1 | |a Antwerpen |b Kluwer Rechtswetenschappen |c 1988 | |
| 300 | |a 129 S. | ||
| 336 | |a Text |b txt |2 rdacontent | ||
| 337 | |a ohne Hilfsmittel zu benutzen |b n |2 rdamedia | ||
| 338 | |a Band |b nc |2 rdacarrier | ||
| 490 | 1 | |a Interuniversitaire studenten reeks |v 10 | |
| 583 | 1 | |a Archivierung prüfen |c 20200919 |f DE-640 |z 2 |2 pdager | |
| 830 | 0 | |a Interuniversitaire studenten reeks |v 10 |9 10 |w (DE-627)109053034X |w (DE-576)02053034X |7 am | |
| 951 | |a BO | ||
| ELC | |b 1 | ||
| LOK | |0 000 xxxxxcx a22 zn 4500 | ||
| LOK | |0 001 2135242284 | ||
| LOK | |0 003 DE-627 | ||
| LOK | |0 004 1088715982 | ||
| LOK | |0 005 20151022131541 | ||
| LOK | |0 008 900522||||||||||||||||ger||||||| | ||
| LOK | |0 040 |a DE-21 |c DE-627 |d DE-21 | ||
| LOK | |0 852 |a DE-21 | ||
| LOK | |0 852 1 |c KB 18 A 6561 |9 00 | ||
| LOK | |0 935 |a krim | ||
| LOK | |0 939 |a 22-05-90 |b l01 | ||
| ORI | |a SA-MARC-krimdoka001.raw | ||
| SIG | |a UB: KB 18 A 6561 | ||
